| Поле | Название | Значение |
| |
Тип записи |
a |
| |
Библиографический уровень |
m |
| 001 |
Контрольный номер |
RU\infra-m\znanium\bibl\2225879 |
| 005 |
Дата корректировки |
20260429142111.7 |
| 008 |
Кодируемые данные |
250910s2025 RU g rus u |
| 020 |
Индекс ISBN |
__ |
| a |
ISBN |
978-5-9729-2649-7 |
| 040 |
Источник каталогиз. |
__ |
| a |
Служба первич. каталог. |
Общество с ограниченной ответственностью «ЗНАНИУМ» |
| 041 |
Код языка издания |
__ |
| a |
Код языка текста |
rus |
| 044 |
Код страны публикации |
__ |
| a |
Код страны публикации |
RU |
| 080 |
Индекс УДК |
__ |
| a |
Индекс УДК |
550 |
| 084 |
Индекс другой классификации/Индекс ББК |
__ |
| 2 |
Источник индекса |
rubbk |
| a |
Индекс другой классификации/Индекс ББК |
263 |
| 084 |
Индекс другой классификации/Индекс ББК |
__ |
| 2 |
Источник индекса |
okso |
| a |
Индекс другой классификации/Индекс ББК |
01.03.01 |
| 084 |
Индекс другой классификации/Индекс ББК |
__ |
| 2 |
Источник индекса |
okso |
| a |
Индекс другой классификации/Индекс ББК |
05.03.01 |
| 100 |
Автор |
__ |
| a |
Автор |
Гриценко С.А. |
| q |
Полное имя |
Гриценко Сергей Алексеевич |
| u |
Дополнение |
Всероссийский научно-исследовательский геологический институт им. А.П.Карпинского |
| 245 |
Заглавие |
__ |
| a |
Заглавие |
Изображение и оценка параметров геологической среды в сейсморазведке |
| b |
Продолж. заглавия |
Учебное пособие |
| c |
Ответственность |
Всероссийский научно-исследовательский геологический институт им. А.П.Карпинского |
| 250 |
Сведения об издании |
__ |
| a |
Основные сведения об издании |
1 |
| 260 |
Выходные данные |
__ |
| a |
Место издания |
Вологда |
| b |
Издательство |
Инфра-Инженерия |
| c |
Дата издания |
2025 |
| 300 |
Физическое описание |
__ |
| a |
Объем |
180 с. |
| 520 |
Аннотация |
__ |
| a |
Аннотация |
Представлен математический мир сейсморазведки. Используя принцип Ферма выводятся формулы полей времён. Показано как можно избавиться от помех сосредоточившись на больших апертурах. Даны основные задачи интерпретации сейсмических данных: слежение отражающих горизонтов увязку времён на пересечении профилей сглаживание данных расчёт глубин картирование и оценку точности структурных построений. Предложен способ цветового отображения сейсмической информации основанный на волновой природе сейсмических волн. Подробно рассмотрены методы сейсмостратиграфического моделирования и суммирования. Показаны физические основы методов миграции демиграции интегрального и лучевого моделирования и алгоритмы программной реализации этих методов. На основе анализа частотных характеристик сейсмических данных предлагается метод повышения разрешающей способности сейсмической записи в вертикальном направлении. Для студентов старших курсов и аспирантов изучающих прикладную математику геофизику и геофизические методы поиска полезных ископаемых. Будет полезно специалистам занимающимся обработкой и интерпретацией сейсмических данных в производственных организациях а также научным сотрудникам. |
| 521 |
Примеч. о цел. назн. |
__ |
| a |
Примеч. о целев. назн. |
ВО - Бакалавриат |
| 650 |
Тематические рубрики |
__ |
| a |
Основная рубрика |
Науки о Земле. Экология |
| x |
Основная подрубрика |
Сейсмология |
| 655 |
Указ. предметных рубрик (устаревшее) |
__ |
| a |
Жанр/ форма (устаревшее) |
Учебное пособие |
| 856 |
Электронный адрес документа |
4_ |
| a |
Имя сервера/домена |
znanium.ru |
| m |
Помощь |
ebs_support@infra-m.ru |
| n |
Местонахождение сервера |
НИЦ ИНФРА-М |
| u |
URL |
https://znanium.ru/catalog/document?id=469495 |
| 856 |
Электронный адрес документа |
48 |
| a |
Имя сервера/домена |
znanium.ru |
| d |
Путь |
/cover/2225 |
| f |
Электронное имя |
2225879.jpg |
| u |
URL |
https://znanium.ru/cover/2225/2225879.jpg |
| 911 |
|
__ |
| u |
|
0030=https://znanium.ru/catalog/document?id=469495 |